<?xml version="1.0" encoding="UTF-8"?>
<record
    xmlns:xsi="http://www.w3.org/2001/XMLSchema-instance"
    xsi:schemaLocation="http://www.loc.gov/MARC21/slim http://www.loc.gov/standards/marcxml/schema/MARC21slim.xsd"
    xmlns="http://www.loc.gov/MARC21/slim">

  <leader>03333nam a2200421   4500</leader>
  <controlfield tag="003">CHAP</controlfield>
  <controlfield tag="005">20240130141827.0</controlfield>
  <controlfield tag="007">ta</controlfield>
  <controlfield tag="008">231020s2019    sp ao|||r|||| 001 0 sp  d</controlfield>
  <datafield tag="020" ind1=" " ind2=" ">
    <subfield code="a">978-84-200-1193-6</subfield>
  </datafield>
  <datafield tag="040" ind1=" " ind2=" ">
    <subfield code="a">Z</subfield>
    <subfield code="c">CHAP</subfield>
    <subfield code="e">rda</subfield>
  </datafield>
  <datafield tag="082" ind1="0" ind2="0">
    <subfield code="a">636.39089</subfield>
    <subfield code="b">M38 2019</subfield>
    <subfield code="2">20</subfield>
  </datafield>
  <datafield tag="100" ind1="1" ind2=" ">
    <subfield code="9">73080</subfield>
    <subfield code="a">Matthews, John</subfield>
    <subfield code="e">autor</subfield>
  </datafield>
  <datafield tag="245" ind1="0" ind2="0">
    <subfield code="a">Enfermedades de la cabra /</subfield>
    <subfield code="c">John G. Matthews; traducci&#xF3;n Jes&#xFA;s Garc&#xED;a S&#xE1;nchez</subfield>
  </datafield>
  <datafield tag="250" ind1=" " ind2=" ">
    <subfield code="a">Segunda edici&#xF3;n</subfield>
  </datafield>
  <datafield tag="264" ind1=" " ind2="1">
    <subfield code="a">Zaragoza, Espa&#xF1;a:</subfield>
    <subfield code="b">Acribia, </subfield>
    <subfield code="c">2019</subfield>
  </datafield>
  <datafield tag="300" ind1=" " ind2=" ">
    <subfield code="a">xi, 492 p&#xE1;ginas: </subfield>
    <subfield code="b">ilustraciones, fotograf&#xED;as </subfield>
  </datafield>
  <datafield tag="336" ind1=" " ind2=" ">
    <subfield code="2">rdacontent</subfield>
    <subfield code="a">texto</subfield>
    <subfield code="b">txt</subfield>
  </datafield>
  <datafield tag="337" ind1=" " ind2=" ">
    <subfield code="2">rdamedia</subfield>
    <subfield code="a">sin medio</subfield>
    <subfield code="b">n</subfield>
  </datafield>
  <datafield tag="338" ind1=" " ind2=" ">
    <subfield code="2">rdacarrier</subfield>
    <subfield code="a">volumen</subfield>
    <subfield code="b">nc</subfield>
  </datafield>
  <datafield tag="500" ind1=" " ind2=" ">
    <subfield code="a">ej.1: consumo</subfield>
  </datafield>
  <datafield tag="505" ind1="0" ind2=" ">
    <subfield code="g">Cap&#xED;tulo 1. Infertilidad de la hembra.-- Cap&#xED;tulo 2. Aborto.-- Cap&#xED;tulo 3. Infertilidad del macho.-- Cap&#xED;tulo 4. La cabra en el periodo del periparto.-- 5. Cabritos d&#xE9;biles.-- 6. Crecimiento inadecuado.-- Cap&#xED;tulo 7. Cojeras en las cabras adultas.-- Cap&#xED;tulo 8. Cojeras en cabritos.-- Cap&#xED;tulo 9. P&#xE9;rdida cr&#xF3;nica de peso.-- Cap&#xED;tulo 10. Abultamientos externos.-- Cap&#xED;tulo 11. Procesos de la piel.-- Cap&#xED;tulo12. Enfermedades nerviosas.-- Cap&#xED;tulo 13. Enfermedades de la gl&#xE1;ndula mamaria.-- Cap&#xED;tulo 14. Diarrea.-- Cap&#xED;tulo 15. C&#xF3;lico.-- Cap&#xED;tulo 16.  Distensi&#xF3;n abdominal.-- Cap&#xED;tulo 17. Enfermedades respiratorias.-- Cap&#xED;tulo 18. Anemia.-- Cap&#xED;tulo 19. Muerte s&#xFA;bita, examen post mortem y eutanasia.-- Cap&#xED;tulo 20. Enfermedades de los ojos.-- Cap&#xED;tulo 21. Intoxicaci&#xF3;n por plantas.-- Capitulo 22. La cabra geri&#xE1;trica.-- Cap&#xED;tulo 23. Sanidad y bioseguridad de la explotaci&#xF3;n.-- Anestesia.-- Cap&#xED;tulo 25. Desbotonado y descornado.-- Cap&#xED;tulo 26. T&#xE9;cnicas quir&#xFA;rgicas </subfield>
  </datafield>
  <datafield tag="520" ind1=" " ind2=" ">
    <subfield code="a">Esta nueva edici&#xF3;n de enfermedades de la cabra presenta numerosas actualizaciones y revisiones y constituye la herramienta ideal para el veterinario encargado del tratamiento de cabras. Este manual conciso y altamente pr&#xE1;ctico aborda todos los aspectos de la medicina caprina, desde la valoraci&#xF3;n y el examen inicial hasta el diagn&#xF3;stico, el tratamiento y el control de cualquier enfermedad. Nuevo en esta edici&#xF3;n: 
- Aporta informaci&#xF3;n sobre predadores, eutanasia, t&#xE9;cnica de necropsia y resoluci&#xF3;n
 de fracturas. 
- Recoge la &#xFA;ltima informaci&#xF3;n sobre diversas enfermedades ex&#xF3;ticas y sobre su diseminaci&#xF3;n geogr&#xE1;fica en a&#xF1;os recientes, incluyendo los brotes de tuberculosis y otras enfermedades previamente no observadas de las cabras dom&#xE9;sticas.
- Incluye una mayor cobertura de numerosos temas de inter&#xE9;s para una audiencia internacional, especialmente en relaci&#xF3;n con plantas t&#xF3;xicas. 
Compactada, pr&#xE1;ctica y totalmente actualizada, esta nueva edici&#xF3;n de enfermedades de las cabras incrementa su reputaci&#xF3;n como una gu&#xED;a de referencia manejable e inestimable para veterinarios y todos aquellos implicados en la salud de las cabras.</subfield>
  </datafield>
  <datafield tag="534" ind1=" " ind2=" ">
    <subfield code="p">T&#xED;tulo original: Diseases of goat, 4a. ed.</subfield>
  </datafield>
  <datafield tag="650" ind1="1" ind2="3">
    <subfield code="9">137331</subfield>
    <subfield code="a">Cabras</subfield>
  </datafield>
  <datafield tag="650" ind1="1" ind2="7">
    <subfield code="9">143023</subfield>
    <subfield code="a">Cabras Enfermedades</subfield>
  </datafield>
  <datafield tag="650" ind1="1" ind2="3">
    <subfield code="9">137478</subfield>
    <subfield code="a">Medicina veterinaria</subfield>
  </datafield>
  <datafield tag="700" ind1="1" ind2=" ">
    <subfield code="9">188182</subfield>
    <subfield code="a">Garc&#xED;a S&#xE1;nchez, Jes&#xFA;s</subfield>
    <subfield code="e">traductor</subfield>
  </datafield>
  <datafield tag="942" ind1=" " ind2=" ">
    <subfield code="2">ddc</subfield>
  </datafield>
  <datafield tag="942" ind1=" " ind2=" ">
    <subfield code="2">ddc</subfield>
  </datafield>
  <datafield tag="942" ind1=" " ind2=" ">
    <subfield code="2">ddc</subfield>
  </datafield>
  <datafield tag="942" ind1=" " ind2=" ">
    <subfield code="2">ddc</subfield>
  </datafield>
  <datafield tag="942" ind1=" " ind2=" ">
    <subfield code="2">ddc</subfield>
  </datafield>
  <datafield tag="942" ind1=" " ind2=" ">
    <subfield code="2">ddc</subfield>
  </datafield>
  <datafield tag="942" ind1=" " ind2=" ">
    <subfield code="2">ddc</subfield>
  </datafield>
  <datafield tag="942" ind1=" " ind2=" ">
    <subfield code="2">ddc</subfield>
  </datafield>
  <datafield tag="942" ind1=" " ind2=" ">
    <subfield code="c">LIBRO</subfield>
  </datafield>
  <datafield tag="999" ind1=" " ind2=" ">
    <subfield code="c">219299</subfield>
    <subfield code="d">219299</subfield>
  </datafield>
  <datafield tag="952" ind1=" " ind2=" ">
    <subfield code="0">0</subfield>
    <subfield code="1">0</subfield>
    <subfield code="2">ddc</subfield>
    <subfield code="4">0</subfield>
    <subfield code="5">1</subfield>
    <subfield code="7">0</subfield>
    <subfield code="8">GRAL</subfield>
    <subfield code="a">Z</subfield>
    <subfield code="b">Z</subfield>
    <subfield code="d">2021-12-13</subfield>
    <subfield code="e">Compra por licitaci&#xF3;n Factura n. 237</subfield>
    <subfield code="g">1980.00</subfield>
    <subfield code="i">Consumo</subfield>
    <subfield code="l">0</subfield>
    <subfield code="o">636.39089 M38 2019</subfield>
    <subfield code="p">5102007390</subfield>
    <subfield code="r">2023-10-23 00:00:00</subfield>
    <subfield code="t">Ej.1</subfield>
    <subfield code="w">2023-10-23</subfield>
    <subfield code="y">LIBRO</subfield>
  </datafield>
</record>
